MARC

LEADER 00000nam0a2200000 4500
001 339371
005 20231102005134.0
035 |a (RuTPU)RU\TPU\book\365886 
090 |a 339371 
100 |a 20171218d1913 m y0rusy50 ca 
101 0 |a rus 
102 |a RU 
105 |a a z 000zy 
200 1 |a Испытание взрывчатых веществ  |e пер. статья  |f Б. Чокке,   |g пер. А. М. Оссендовского 
210 |a Санкт-Петербург  |c Типо-Литография "Якорь"  |d 1913 
215 |a 27 с.  |c ил. 
606 |a Взрывчатые вещества  |x Испытание  |2 stltpush  |3 (RuTPU)RU\TPU\subj\32966 
610 1 |a взрывчатые вещества 
610 1 |a взрывы 
610 1 |a порох 
610 1 |a динамит 
675 |a 662.2  |v 4 
700 1 |a Чокке  |b Б.  |g Бруно (Zschokke Bruno) 
702 1 |a Оссендовский  |b А. М.  |c польский писатель  |c горный инженер, геолог, химик  |c настоящее имя Фердинанд-Антоний  |f 1876-1945  |g Антоний Мартинович  |2 stltpush  |3 (RuTPU)RU\TPU\pers\18397  |4 730  |9 6814 
801 1 |a RU  |b 63413507  |c 20171218 
801 2 |a RU  |b 63413507  |c 20171218  |g RCR 
942 |c BK